| 000 | 00535nam a2200181 u 4500 | ||
|---|---|---|---|
| 001 | 000419950 | ||
| 003 | AM-YeHGA | ||
| 005 | 20250617133051.0 | ||
| 008 | 050413s1981 ||| r 000 0 rus d | ||
| 040 | _aAM-YeHGA | ||
| 041 | 0 | _arus | |
| 100 | 1 | _aСамойлов, Давид Самойлович. | |
| 245 | 1 | 0 |
_aЗалив : _bСтихи / _cД. Самойлов. |
| 260 |
_aМосква : _bСов. писатель, _c1981. |
||
| 300 | _a143 с. | ||
| 653 | 0 | _aРусская советская поэзия | |
| 090 | _c161773 | ||
| 999 |
_c160369 _d160369 |
||